000 00645nam a2200169Ia 4500
008 090711s9999 xx 000 0 und d
082 _b840
100 _aटिकेकर सुजाता गानू
245 _aआमSया सहवासातील पु.ल.
260 _bसंयम पब्लिकेशन
_c2000
300 _a192
600 _aटिकेकर सुजाता गानू
630 _aआमSया सहवासातील पु.ल.
700 _aटिकेकर सुजाता गानू
730 _aआमSया सहवासातील पु.ल.
942 _cBOOK
999 _c337832
_d337832